[Event "SEMI ECT 3-B corr"]
[Site "SEMI email"]
[Date "1999.??.??"]
[Round "?"]
[White "Aulestia, Luis Yanes Francisc"]
[Black "Barks, James Leonard"]
[Result "1/2-1/2"]
[WhiteElo "1738"]
[BlackElo "1900"]
[PlyCount "78"]
[EventDate "1999.??.??"]
[EventType "tourn (corr)"]
[EventRounds "8"]
[EventCountry "ITA"]
[SourceTitle "Corr 2008"]
[Source "ChessBase"]
[SourceDate "2008.06.24"]
[SourceVersion "1"]
[SourceVersionDate "2008.06.24"]
[SourceQuality "1"]

1. e4 c5 2. Nf3 d6 3. d4 cxd4 4. Nxd4 Nf6 5. Nc3 a6 6. Bg5 Nc6 7. Be2 e6 8. Nxc6 bxc6 9. e5 dxe5 10. Qxd8+ Kxd8 11. Ne4 Be7 12. Rd1+ Ke8 13. Nd6+ Bxd6 14. Rxd6 Bb7 15. f3 Ke7 16. Rd1 Rad8 17. 0-0 Rxd1 18. Rxd1 Rd8 19. Rxd8 Kxd8 20. Bd3 h6 21. Be3 Kd7 22. Bc5 g5 23. c4 a5 24. Bb6 a4 25. Kf2 Kd6 26. c5+ Kd5 27. Bc2 Nd7 28. Bxa4 Nxb6 29. cxb6 Kc5 30. Ke3 Kxb6 31. Bc2 c5 32. Bd3 Bd5 33. a3 f5 34. g4 c4 35. gxf5 exf5 36. Bxf5 Kc5 37. Be4 Bf7 38. Bb7 Bg6 39. Bc8 h5 1/2-1/2